000 00539nam a2200181Ia 4500
003 GCL
005 20240530102109.0
008 140319s9999 xx 000 0 ara d
040 _aGCL /
_cGCL
082 0 4 _a330.1543
_bس ا
100 1 _aسعدية حافظ منتصر
245 1 0 _a00000000000000
_cسعدية حافظ منتصر
260 _a[S.N] :
_bالدار الدولية للنشر والتوزيع ،
_c1993
300 _a282 ص
650 0 4 _aالاحصاء
650 0 4 _aالاقتصاد القياسى
942 _2ddc
_cBK
999 _c29800
_d29800